01386cam a22004094i 4500003000900000005001700009008004100026020001500067035002700082040003300109082001900142100003200161245016500193264006200358300003800420336002100458337002500479338002300504490007400527504002800601505015900629526001000788526001000798526000900808526000900817526000900826526000900835526000900844526000900853526000900862526000800871526000800879526000800887526000800895526000800903630006500911PE-LiUPU20250731165502.0150623s r 000 0 d a1850759723 a(Sirsi) i9781850759720 aPE-LiUPUbspacPE-LiUPUerda04a225.077bJ2211 aDavis, Casey Wayne,eautor.10aOral Biblical criticism :bthe influence of the principles of orality on the literary structure of Paul's epistle to the Philippians.n172 /cCasey Wayne Davis. 1aSheffield, Inglaterra :bSheffield Academic Press,c1999. a199 páginas ;c24 centímetros atext2rdacontent aunmediated2rdamedia avolume2rdacarrier0 aJournal for the Study of the New Testament. Supplement series ;v172 aIncluye bibliografía.0 aThe principles of orality. -Analysis of the author's rhetorical style. - Identification and analysis of units. -Analysis of progression from unit to unit. aSEG44 aSEG26 aP151 aP150 aP149 aP146 aP145 aP126 aP125 aP92 aP75 aP74 aP27 aP15 aBiblia.pN.T.pFilipensesxCrítica, interpretación, etc.